Kontinuita americké zahraniční politiky

Komplexné zamyslenie sa nad zahraničnou politikou Spojených štátov amerických. Prehľad americko-českých vzťahov. Vzťahy USA s Čínou, Japonskom a Kórejským polostrovom. Spojené štáty americké a Európska únia. Bushova zahraničná politika. Zvláštne vzťahy Spojených štátov a Filipínskej republiky. Spory...

Descrizione completa

Salvato in:
Dettagli Bibliografici
Natura: Capitolo di libro
Lingua:ceco
Soggetti:
Tags: Aggiungi Tag
Nessun Tag, puoi essere il primo ad aggiungerne!!

MARC

LEADER 00000naa a2200000 4500
001 r042904
005 20230927121326.2
041 0 |a cze 
044 |a CZ 
245 1 0 |a Kontinuita americké zahraniční politiky 
520 |a Komplexné zamyslenie sa nad zahraničnou politikou Spojených štátov amerických. Prehľad americko-českých vzťahov. Vzťahy USA s Čínou, Japonskom a Kórejským polostrovom. Spojené štáty americké a Európska únia. Bushova zahraničná politika. Zvláštne vzťahy Spojených štátov a Filipínskej republiky. Spory v obchodných stykoch medzi USA a EÚ. 
610 2 0 |a politika zahraničná 
610 2 0 |a USA 
610 2 0 |a politika hospodárska medzinárodná 
610 2 0 |a Európska únia 
610 2 0 |a Čína 
610 2 0 |a Japonsko 
610 2 0 |a Južná Kórea 
610 2 0 |a Taiwan 
610 2 0 |a vzťahy hospodárske medzinárodné